<?xml version="1.0" encoding="UTF-8"?>
<collection xmlns="http://www.loc.gov/MARC21/slim">
  <record>
    <leader>00000nam  2200000   4500</leader>
    <controlfield tag="001">INLIS000000000810563</controlfield>
    <controlfield tag="005">20260525030046</controlfield>
    <datafield tag="035" ind1="#" ind2="#">
      <subfield code="a">0010-0526000017</subfield>
    </datafield>
    <controlfield tag="007">ta</controlfield>
    <controlfield tag="008">260525###########################0#ind##</controlfield>
    <datafield tag="245" ind1="#" ind2="#">
      <subfield code="a">Ensiklopedia Hadits 8 Jilid :</subfield>
      <subfield code="b">Sahih Bukhari ,Shahih Muslim,Sunan Abu Daud,Ibnu Majah.Tirmidzi,Nasa'i</subfield>
    </datafield>
    <datafield tag="260" ind1="#" ind2="#">
      <subfield code="b">Al Mahira</subfield>
    </datafield>
  </record>
</collection>
